Detalles MARC
| 000 -LEADER |
| fixed length control field |
01542nam a2200397Ii 4500 |
| 001 - CONTROL NUMBER |
| control field |
DIGVIETO015 |
| 003 - CONTROL NUMBER IDENTIFIER |
| control field |
NyNyDIG |
| 006 - FIXED-LENGTH DATA ELEMENTS--ADDITIONAL MATERIAL CHARACTERISTICS |
| fixed length control field |
m o d |
| 007 - PHYSICAL DESCRIPTION FIXED FIELD--GENERAL INFORMATION |
| fixed length control field |
cr ||||||||||| |
| 008 - FIXED-LENGTH DATA ELEMENTS--GENERAL INFORMATION |
| fixed length control field |
130601s2010 sp ob 000 0 spa d |
| 020 ## - INTERNATIONAL STANDARD BOOK NUMBER |
| Canceled/invalid ISBN |
9788492616770 |
| 020 ## - INTERNATIONAL STANDARD BOOK NUMBER |
| Canceled/invalid ISBN |
8492616776 |
| 035 ## - SYSTEM CONTROL NUMBER |
| System control number |
(OCoLC)888284331 |
| 040 ## - CATALOGING SOURCE |
| Original cataloging agency |
DGITA |
| Language of cataloging |
eng |
| Description conventions |
pn |
| Transcribing agency |
DGITA |
| 043 ## - GEOGRAPHIC AREA CODE |
| Geographic area code |
cl----- |
| 050 14 - LIBRARY OF CONGRESS CALL NUMBER |
| Classification number |
HX110.5.A6 eBook |
| 100 1# - MAIN ENTRY--PERSONAL NAME |
| Personal name |
Morales Caballero, Rafael. |
| 245 10 - TITLE STATEMENT |
| Title |
Razones para la esperanza : |
| Remainder of title |
ideas sobre la unidad socialista de América Latina / |
| Statement of responsibility, etc. |
Rafael Morales Caballero ; prólogo de Jaime Pastor ; epílogo de Gonzalo Gómez. |
| 264 #1 - PRODUCTION, PUBLICATION, DISTRIBUTION, MANUFACTURE, AND COPYRIGHT NOTICE |
| Place of production, publication, distribution, manufacture |
[Mataro (Barcelona)] : |
| Name of producer, publisher, distributor, manufacturer |
El Viejo Topo / Ediciones de Intervención Cultural, S.L., |
| Date of production, publication, distribution, manufacture, or copyright notice |
2010. |
| 300 ## - PHYSICAL DESCRIPTION |
| Extent |
1 online resource (171 pages) |
| 336 ## - CONTENT TYPE |
| Content type term |
text |
| Content type code |
txt |
| Source |
rdacontent |
| 337 ## - MEDIA TYPE |
| Media type term |
computer |
| Media type code |
c |
| Source |
rdamedia |
| 338 ## - CARRIER TYPE |
| Carrier type term |
online resource |
| Carrier type code |
cr |
| Source |
rdacarrier |
| 490 1# - SERIES STATEMENT |
| Series statement |
Viento sur |
| 505 0# - FORMATTED CONTENTS NOTE |
| Formatted contents note |
Ideas sobre la unidad socialista de América Latina -- Encuentros imposibles en América Latina -- Selección de artículos América Latina y otros temas de interés. |
| 650 #0 - SUBJECT ADDED ENTRY--TOPICAL TERM |
| Topical term or geographic name entry element |
Socialism |
| Geographic subdivision |
Latin America. |
| 655 #0 - INDEX TERM--GENRE/FORM |
| Genre/form data or focus term |
Electronic books. |
| 700 1# - ADDED ENTRY--PERSONAL NAME |
| Personal name |
Pastor, Jaime. |
| 700 1# - ADDED ENTRY--PERSONAL NAME |
| Personal name |
Gómez Freire, Gonzalo. |
| 791 2# - |
| -- |
Digitalia (Firm), |
| -- |
distributor. |
| 793 0# - |
| -- |
Digitalia eBook Collection: |
| -- |
El Viejo Topo. |
| 830 #0 - SERIES ADDED ENTRY--UNIFORM TITLE |
| Uniform title |
Viento sur. |
| 856 40 - ELECTRONIC LOCATION AND ACCESS |
| Materials specified |
Digitalia Hispánica |
| Uniform Resource Identifier |
<a href="https://www.digitaliapublishing.com/a/19413/">https://www.digitaliapublishing.com/a/19413/</a> |
| 910 ## - USER-OPTION DATA (OCLC) |
| User-option data |
Premium Collection: 2007-2012 |
| 942 ## - ADDED ENTRY ELEMENTS (KOHA) |
| Koha item type |
Recurso Electrónico |